000
00267nam a22001217a 4500
003
SGT
020
_a
978-81-203-3848-7
082
_a
614.14
_b
B09K
100
_a
KAUL, ASHA
245
_a
BUSINESS COMMUNICATION
260
_a
INDIA
_b
AHI LEARNING
942
_2
ddc
_c
BK
_0
2
999
_c
16219
_d
16219